Score 0/30 Timer 07:00
7 Plays Today
% Correct
Opera
94.4%
Drama
92.7%
Talented
91.1%
Band
89.8%
Wicked
89.3%
Show
88%
Ballerina
86.5%
Crowd
85.7%
Ticket
85%
Velvet
85%
Quiet
84.9%
Setting
84.2%
Comedy
84%
Hair
83.9%
Waiting
83.6%
% Correct
Song
83.2%
Tourist
81.6%
Usher
80.8%
Row
80.7%
Set
79.2%
Puppet
77.8%
Tragedy
74.2%
Cats
72.5%
Prelude
69.5%
Grease
68.1%
Dialogues
67.7%
Act
63.2%
Scenes
63%
Curtain
57%
Soliloquy
51.6%
Remove Ads.
Support Sporcle.
Get the best of Sporcle when you Go Orange. This ad-free experience offers more features, more stats, and more fun while also helping to support Sporcle. Thank you for becoming a member.

You're not logged in!

Compare scores with friends on all Sporcle quizzes.
OR
Log In

Show Comments

Extras

Top Quizzes Today


Score Distribution

Your Account Isn't Verified!

In order to create a playlist on Sporcle, you need to verify the email address you used during registration. Go to your Sporcle Settings to finish the process.

Report this User

Report this user for behavior that violates our Community Guidelines.

Details: